History Quiz

Random History or State Quiz

New York State History by Century Quiz Stats

 Plays Quiz Updated Mar 2, 2019

Score 0/50 Timer 10:00
0 Plays Today
% Correct
20th century
83.4%
20th century
83.3%
20th century
78.9%
19th century
78.2%
18th century
76.9%
18th century
75%
21st century
72.5%
16th century
71%
21st century
70.6%
20th century
70.2%
21st century
69.9%
20th century
69.6%
18th century
68.9%
20th century
68.5%
19th century
68.4%
19th century
68.2%
19th century
66.6%
19th century
65.2%
20th century
64.6%
18th century
63.7%
19th century
63.6%
20th century
63%
20th century
61.5%
20th century
60.6%
18th century
60.3%
% Correct
19th century
58.7%
20th century
57.5%
19th century
57.4%
20th century
57.3%
18th century
57%
19th century
56.4%
17th century
54.6%
19th century
54.3%
18th century
54.1%
17th century
52%
19th century
51.8%
20th century
51.2%
19th century
51%
19th century
47.7%
19th century
47.2%
17th century
47.1%
19th century
43.8%
19th century
43.2%
17th century
35.5%
18th century
34.5%
20th century
32.2%
21st century
31.9%
19th century
27.5%
16th century
25.4%
21st century
19.7%

You're not logged in!

Compare scores with friends on all Sporcle quizzes.
OR
Log In

Show Comments

Extras

Top Quizzes Today


Score Distribution

Your Account Isn't Verified!

In order to create a playlist on Sporcle, you need to verify the email address you used during registration. Go to your Sporcle Settings to finish the process.

Report this User

Report this user for behavior that violates our Community Guidelines.

Details: